000 00399nam a22001577a 4500
005 20240118104858.0
008 240118b |||||||| |||| 00| 0 eng d
020 _a978-81-931824-1-3
041 _aeng
100 _aBATRA, DINANATH
_98392
245 _aSHIKSHA KA BHARTIYAKARAN
260 _aNEW DELHI
_bSHIKSHA SANSKRITI UTTHAN NYAS
300 _a104;P
650 _aLIFE SKILL
_98393
942 _cBK
999 _c8474
_d8472